Digital libraries / (Record no. 63425)

MARC details
000 -LEADER
fixed length control field 00395nam a22001457a 4500
005 - DATE AND TIME OF LATEST TRANSACTION
control field 20180821142317.0
020 ## - INTERNATIONAL STANDARD BOOK NUMBER
International Standard Book Number 8180520854
Terms of availability 795.00
035 ## - SYSTEM CONTROL NUMBER
System control number B-227273 ,B-227279
037 ## - SOURCE OF ACQUISITION
Stock number DPL
Source of stock number/acquisition ENG
100 ## - MAIN ENTRY--PERSONAL NAME
Personal name Arms, William Y.
245 ## - TITLE STATEMENT
Title Digital libraries /
Statement of responsibility, etc William Y. Arms
260 ## - PUBLICATION, DISTRIBUTION, ETC. (IMPRINT)
Place of publication, distribution, etc New Delhi
Name of publisher, distributor, etc Ane Books
300 ## - PHYSICAL DESCRIPTION
Extent xi, 287p.
Dimensions 20 cms.
942 ## - ADDED ENTRY ELEMENTS (KOHA)
Source of classification or shelving scheme Dewey Decimal Classification
Item type English Books
Classification part 025.04
Call number suffix ARM
Holdings
Withdrawn status Lost status Not for loan Collection code Home library Current library Date acquired Cost, normal purchase price Full call number Barcode Cost, replacement price Koha item type Source of acquisition
      Non-fiction Sarojini Nagar Sarojini Nagar 25/02/2012 795.00 025.04 ARM B-227273 795.00 English Books  
      Non-fiction Shahdara Branch Shahdara Branch 21/08/2018 795.00 025.04 ARM B-227279 795.00 English Books BPPD/PUB

© Delhi Public Library
Hit Counter
free hit counter